Lady gaga - Paroles Born This Way - Statistiques

Statistiques générales
  • Ce quiz a été pris 80 fois
  • Le résultat moyen est 396 sur 500
Statistiques - réponses
Hint Réponse % Correct
born
100%
(born
100%
born this way, yeah
100%
I
100%
this
100%
way,
100%
way
100%
way)
100%
Interlude (Way)
100%
a
98%
A
98%
M"
98%
(M,
98%
M,
98%
M)
98%
was
98%
baby
96%
Baby,
96%
baby,
96%
baby)
96%
the
96%
you
96%
Post-refrain Ooh,
94%
Interlude Don't
90%
Don't
90%
Don't
90%
(Don't
90%
don't
90%
no
90%
Refrain No
90%
to
90%
track,
90%
"We
90%
be
88%
be,
88%
be)
88%
gay,
88%
Refrain I'm
88%
matter
88%
when
88%
drag,
85%
Just
85%
just
85%
me
85%
on
85%
put
85%
right
85%
Right
85%
(right
85%
are
83%
are"
83%
'Cause
83%
"'Cause
83%
('Cause
83%
Intro It
83%
go
83%
"H
83%
H
83%
Lesbian,
83%
Couplet 1 My
83%
my
83%
queen
83%
your
83%
In
81%
in
81%
mama
81%
told
81%
and
79%
love
79%
(love
79%
Or
79%
or
79%
transgender
79%
young
79%
God
77%
She
77%
superstars"
77%
bi
75%
if
75%
were
75%
beautiful
73%
doesn't
73%
makes
73%
Mi
73%
mistakes
73%
mistakes)
73%
all
71%
capital
71%
lipstick
71%
him
69%
who
69%
He
67%
perfect,
67%
said,
67%
hair
65%
made
65%
of
65%
say
65%
survive
65%
up
65%
up,
65%
babe"
63%
black,
63%
life,
63%
life
63%
straight,
63%
white,
63%
yourself
63%
glass
60%
beige,
58%
beige
58%
not
58%
paws
58%
you're
58%
You're
58%
is
56%
Orient
56%
So
56%
her
54%
regret
54%
brave
52%
there
52%
boudoir
50%
broke
50%
other
50%
head
48%
insecure
48%
evergreen
46%
far
46%
Listen
46%
truth
46%
you'll
46%
ain't
44%
chola
44%
Chola
44%
hold
44%
with
42%
wrong
42%
hide
40%
loving
40%
rejoice
40%
Rejoice
40%
"There's
40%
youth
40%
friends
38%
hey
38%
myself,
38%
nothing
38%
religion
38%
(Same
38%
Whether
38%
amore
35%
descent
35%
lover
35%
respect
35%
today
35%
Believe
33%
different
33%
Couplet 2 Give
33%
must
33%
rolled
33%
set
33%
set)
33%
sin
33%
Lebanese,
31%
prudence
31%
disabilities
29%
girl,
29%
outcast,
27%
vole
27%
bullied
25%
fe
25%
Left
25%
record
25%
teased
25%
DNA)
23%
kid,
23%
life's
23%
Subway
23%
yah
15%
Church
10%
Aucun quiz correspondant
Distribution des résultats
% des personnes avec chaque résultat
Percentile par nombre de réponses
Votre historique - résultats
Vous n’avez pas pris ce quiz